Piazzamenti delle Nazionali agli Europei "Europa 2020" - Statistics

Statistiche generali
  • Questo quiz è stato fatto 18 volte
  • Il punteggio medio è 16 su 24
Statistiche sulle risposte
Hint Risposta % Corretto
Italia Campione
100%
Finlandia Fase a gironi
100%
Slovacchia Fase a gironi
92%
Turchia Fase a gironi
92%
Macedonia del Nord Fase a gironi
92%
Scozia Fase a gironi
85%
Belgio Quarti di finale
85%
Inghilterra Secondo posto
85%
Russia Fase a gironi
77%
Germania Ottavi di finale
77%
Ungheria Fase a gironi
69%
Austria Ottavi di finale
69%
Spagna Semifinale
69%
Polonia Fase a gironi
62%
Francia Ottavi di finale
62%
Portogallo Ottavi di finale
54%
Svizzera Quarti di finale
54%
Paesi Bassi Ottavi di finale
46%
Ucraina Quarti di finale
46%
Repubblica Ceca Quarti di finale
46%
Danimarca Semifinale
38%
Croazia Ottavi di finale
31%
Galles Ottavi di finale
23%
Svezia Ottavi di finale
23%
Nessun quiz corrispondente trovato
Distribuzione punteggi
Percentuale di utenti per punteggio
Percentile per numero di risposta
I tuoi punteggi nel tempo
Non hai fatto questo quiz